| 000 | 00355nam a22001577a 4500 | ||
|---|---|---|---|
| 003 | SGT | ||
| 020 | _a978-1-259-58859-4 | ||
| 082 |
_a618.92 _bR18K |
||
| 100 | _aKLINE, MARK W. | ||
| 245 | _aRUDOLPH;S PEDIATRICS VOL. 1 | ||
| 250 | _a23RD | ||
| 260 |
_aNEW YORK _bMC GROW HILL PUB _c2018 |
||
| 300 | _a1-1509 | ||
| 650 | _aPEDIATRICS | ||
| 942 |
_2ddc _cBK |
||
| 999 |
_c18802 _d18802 |
||